| 000 | 00478nam a2200193Ia 4500 | ||
|---|---|---|---|
| 003 | GCL | ||
| 008 | 140319s9999 xx 000 0 aRus d | ||
| 040 |
_aGCL / _cGCL |
||
| 082 | 0 | 4 |
_a861 _bA A |
| 100 | 1 | _aALONSO, DAMASO | |
| 245 | 1 | 0 |
_aANTOLOGIA POETICA / _cALONSO, DAMASO |
| 260 |
_a[S.N] : _bALIANZA EDITORIAL ، _c1979 |
||
| 300 | _a166 P | ||
| 650 | 0 | 4 | _aLITERATURE |
| 650 | 0 | 4 | _aPOETRY |
| 650 | 0 | 4 | _aSPANISH LITERATURE |
| 650 | 0 | 4 | _aSPANISH POETRY |
| 942 |
_2ddc _cBK |
||
| 999 |
_c10904 _d10904 |
||